[Event "Steinfurt Bezirksklasse 0809"]
[Site "Germany"]
[Date "2008.09.13"]
[Round "1.8"]
[White "Brosch, Marie Lena"]
[Black "Lerke, Stephanie"]
[Result "0-1"]
[WhiteElo "983"]
[BlackElo "1145"]
[PlyCount "30"]
[EventDate "2008.09.13"]
[EventType "team-tourn"]
[EventRounds "7"]
[EventCountry "GER"]
[SourceTitle "EXT 2010"]
[Source "ChessBase"]
[SourceDate "2010.11.25"]
[SourceVersion "1"]
[SourceVersionDate "2010.11.25"]
[SourceQuality "1"]
[WhiteTeam "Saerbeck III"]
[BlackTeam "Nordwalde III"]
[WhiteTeamCountry "GER"]
[BlackTeamCountry "GER"]

1. e4 e5 2. Nf3 Nc6 3. Nc3 Bc5 4. Bc4 d6 5. d3 Nf6 6. Ng5 0-0 7. 0-0 Bg4 8. Nf3 Nd4 9. Kh1 Nxf3 10. gxf3 Bh3 11. Rg1 Bxf2 12. Bh6 Bxg1 13. Qxg1 Nh5 14. Nd1 Qf6 15. Qg5 Qxf3+ 0-1

[Event "Steinfurt Kreisklasse 0607"]
[Site "Germany"]
[Date "2007.04.21"]
[Round "9.5"]
[White "Brosch, Marie Lena"]
[Black "Hoffmann, Jens"]
[Result "1-0"]
[WhiteElo "976"]
[BlackElo "1015"]
[PlyCount "89"]
[EventDate "2006.09.23"]
[EventType "team-tourn"]
[EventRounds "10"]
[EventCountry "GER"]
[SourceTitle "EXT 2008"]
[Source "ChessBase"]
[SourceDate "2007.11.25"]
[SourceVersion "1"]
[SourceVersionDate "2007.11.25"]
[SourceQuality "1"]
[WhiteTeam "Saerbeck IV"]
[BlackTeam "Emsdetten Turm IV"]
[WhiteTeamCountry "GER"]
[BlackTeamCountry "GER"]

1. e4 d6 2. Nf3 g6 3. Nc3 Bg7 4. d4 Nf6 5. Bc4 0-0 6. 0-0 c6 7. d5 Qc7 8. Qd3 Nbd7 9. Re1 Re8 10. Bf4 b5 11. Bb3 Nc5 12. Qe3 Bb7 13. Qxc5 dxc5 14. Bxc7 cxd5 15. Bxd5 Nxd5 16. exd5 b4 17. Na4 Rec8 18. d6 exd6 19. Bxd6 Bc6 20. Nxc5 Bxf3 21. gxf3 Rc6 22. Rad1 Rd8 23. Be7 Rxd1 24. Rxd1 Bxb2 25. Nd3 Rxc2 26. Nxb4 Re2 27. Bc5 Ba3 28. Rd8+ Kg7 29. Bd4+ Kh6 30. Nc6 a6 31. Ra8 Bb2 32. Bxb2 Rxb2 33. Rxa6 Rc2 34. Kg2 Re2 35. a4 Re6 36. Rb6 Re8 37. Rb8 Re6 38. Rc8 Kh5 39. a5 Kh4 40. a6 h5 41. a7 f5 42. a8Q g5 43. Qa5 f4 44. Rg8 g4 45. Qg5# 1-0